| 000 | 01007cam a22001935a 4500 | ||
|---|---|---|---|
| 001 | L155822 | ||
| 008 | 120417s1823 xxk f 000 0 eng d | ||
| 035 | _a(Sirsi) u155822 | ||
| 041 | 0 | _aeng | |
| 100 | 1 |
_aHoppus, E. _q(Edward) _dd. 1739 |
|
| 245 | 0 | 0 |
_aHoppus's tables for measuring, or, Practical measuring made easy _bby a new set of tables, which shew at sight the solid content of any piece of timber, stone, &c. either square, round, or unequal-sided, and the value at any price per foot cube ... the contents being given in feet, inches, and twelfth parts of an inch : with some very curious observations concerning measuring of timber by several dimensions |
| 250 | _a18th ed., greatly improved, and stereotyped | ||
| 260 |
_aLondon _bPrinted for C. and J. Rivington [and 14 others] _c1823 |
||
| 300 |
_alx, 226 p., [1] folded leaf of plates _c22 cm. |
||
| 583 |
_aCondition reviewed _c20120620 _lcondition level 4 |
||
| 651 | 4 |
_aGreat Britain _y1707- |
|
| 690 |
_aMeasurement _96256 |
||
| 942 | _n0 | ||
| 999 |
_c113853 _d113853 |
||